000 00443nam a2200157 i 4500
001 60040
003 ES-MaACL
005 20230906164139.0
007 t|
008 031103s1973 sp ||||1| spa d
245 0 3 _aLa España ausente /
_cJuan Gómez Casas ... [et al.].
260 _a[Madrid] :
_bEdiciones 99,
_c[1973]
300 _a200 p. :
_bil. ;
_c21 cm.
700 1 _aGómez Casas, Juan.
_957863
852 _aES-MaACL
_jC-52496
_bR.85500
999 _c60040
_d60040